000 00278nam a22001217a 4500
008 180118b xxu||||| |||| 00| 0 eng d
041 _aeng
080 _a94
100 _a17
101 _aHIS
245 _aTHE HISPANIC AMERICAN HISTORICAL REVIEW
_cJOHN.F
942 _2udc
_cBK
999 _c40440
_d40440